banner koha

Óleo essencial de Baccharis tridentata Vahl: composição química, atividade antioxidante e fungitóxica, e caracterização morfológica das estruturas secretoras por microscopia eletrônica de varredura (Registro n. 298700)

MARC details
000 -LÍDER
fixed length control field 04292nab a2200313 i 4500
003 - CÓDIGO MARC DA AGÊNCIA CATALOGADORA
Campo de controle BR-BrBNA
005 - DATA E HORA DA ÚLTIMA ATUALIZAÇÃO
Campo de controle 20240307102715.0
008 - CAMPO DE TAMANHO FIXO
fixed length control field 240307b2011 bl.qr|p|oa||| 00| 0 por |
040 ## - FONTE DA CATALOGAÇÃO
Agência catalogadora BR-BrBNA
Idioma da catalogação por
072 ## - CATEGORIA AGRIS
Código AGRIS F60
072 ## - CATEGORIA AGRIS
Código AGRIS F50
100 ## - ENTRADA PRINCIPAL - NOME PESSOAL
Nome pessoal Souza, S.P.
100 ## - ENTRADA PRINCIPAL - NOME PESSOAL
Nome pessoal Cardoso, M.G.
100 ## - ENTRADA PRINCIPAL - NOME PESSOAL
Nome pessoal Souza, P.E.
100 ## - ENTRADA PRINCIPAL - NOME PESSOAL
Nome pessoal Guimarães, L.G.L.
100 ## - ENTRADA PRINCIPAL - NOME PESSOAL
Nome pessoal Andrade, J.
100 ## - ENTRADA PRINCIPAL - NOME PESSOAL
Nome pessoal Mallet, A.C.T.
100 ## - ENTRADA PRINCIPAL - NOME PESSOAL
Nome pessoal Nelson, D.L.
245 ## - TÍTULO PRINCIPAL
Título principal Óleo essencial de Baccharis tridentata Vahl: composição química, atividade antioxidante e fungitóxica, e caracterização morfológica das estruturas secretoras por microscopia eletrônica de varredura
500 ## - NOTA GERAL
Nota geral Publicação on-line; Bibliography p. 465-466 (55 ref.); 1 table; 5 illus.; Summaries (En, Pt)
942 ## - ADDED ENTRY ELEMENTS (KOHA)
Koha item type
520 ## - NOTA DE RESUMO
Nota de conteúdo <br/><br/>RESUMO: <br/><br/>Este trabalho teve como objetivos avaliar a composição química do óleo essencial de<br/>Baccharis tridentata Vahl, as atividades antioxidante e fungitóxica, e estudar a morfologia das<br/>estruturas secretoras do óleo essencial presentes na superfície foliar por meio de microscopia<br/>eletrônica de varredura (MEV). A extração do óleo essencial foi realizada por hidrodestilação, as<br/>análises quantitativas e qualitativas foram executadas por meio de cromatografia em fase gasosa<br/>com detector de ionização de chamas (FID) e acoplada à espectrometria de massas,<br/>respectivamente. A atividade antioxidante foi realizada empregando-se os métodos de redução<br/>do radical estável DPPH e o ensaio de oxidação do sistema -caroteno/ácido linoleico. As atividades<br/>fungitóxicas foram avaliadas utilizando o teste bioanalítico in vitro, sobre a inibição do crescimento<br/>micelial dos fitopatógenos Fusarium oxysporum, Colletotrichum gloeosporioides e Rhizoctonia<br/>solani. A composição química revelou a presença de 28 compostos, sendo o -tujeno (22,93%) o<br/>constituinte majoritário; não foi observada atividade antioxidante por meio dos ensaios utilizados,<br/>no entanto, observou-se atividade fungitóxica sobre o crescimento micelial dos fitopatógenos<br/>estudados. Já os estudos da superfície foliar por MEV revelaram a presença de tricomas glandulares<br/>em ambas as superfícies abaxial e adaxial.<br/><br/>Palavras-chave: óleo essencial, Baccharis, atividade biológica
520 ## - NOTA DE RESUMO
Nota de conteúdo <br/><br/>ABSTRACT: <br/><br/>Baccharis tridentata Vahl essential oil: chemical composition, and antioxidant<br/>and fungitoxic activities and morphological characterization of secretory structures by<br/>scanning electron microscopy. This study aimed to evaluate the chemical composition and the<br/>antioxidant and fungitoxic activities of Baccharis tridentata essential oil, as well as to study the<br/>morphology of its secretory structures present on the leaf surface by scanning electron microscopy<br/>(SEM). The essential oil was extracted by hydrodistillation; the quantitative and qualitative analyses<br/>were performed on a gas chromatograph equipped with a flame ionization detector (FID) and<br/>coupled to a mass spectrometer, respectively. The antioxidant activity was determined by the<br/>methods of reduction of the DPPH stable radical and oxidation of the -carotene/linoleic acid<br/>system. Fungitoxic activities were assessed by the in vitro bioanalytical test on the inhibition of<br/>the mycelial growth of the plant pathogens Fusarium oxysporum, Colletotrichum gloeosporioides<br/>and Rhizoctonia solani. The chemical composition revealed the presence of 28 compounds, with<br/>-thujene (22.93%) as the major constituent. No antioxidant activity was observed in the tests<br/>used; however, there was fungitoxic activity against the mycelial growth of plant pathogens. Leaf<br/>surface studies by SEM revealed the presence of glandular trichomes on both abaxial and adaxial<br/>surfaces.<br/><br/>Key words: essential oil, Baccharis, biological activity
650 ## - ASSUNTO - THESAGRO
Cabeçalho tópico ou nome geográfico ÓLEO ESSENCIAL
650 ## - ASSUNTO - THESAGRO
Cabeçalho tópico ou nome geográfico BACCHARIS
773 0# - ENTRADA ANALÍTICA
Host Biblionumber 3543
Registro do item 13667
Imprenta Botucatu-SP Instituto de Biociências - Departamento de Química e Bioquímica 1998
Outro identificador 2023-296812
Título Revista Brasileira de Plantas Medicinais (Brazil)
ISSN 1516-0572
Colação v. 13(4) p. 456-466; (2011)
Número de controle de registro BR2024000116
856 ## - ACESSO E ENDEREÇO ELETRÔNICO
Identificador uniforme de recurso - URI https://www.scielo.br/j/rbpm/a/H5zXqVdPrSVZzx3XSpWV3mK/?format=pdf&lang=pt

Nenhum exemplar disponível.

BINAGRI

Telefone: (61)3218-2567/2388/3357/2097 - binagri@agro.gov.br

Ministério da Agricultura e Pecuária , Esplanada dos Ministérios, Bloco D, Anexo B, Brasília/DF, CEP: 70.043-900